000
00228nam a22001097a 4500
082
_a
658.567YEN
100
_a
Yen T F
245
_a
recycling and disposal of solid wastes bodies
260
_c
1974
300
_a
372
942
_c
BK
999
_c
12494
_d
12494